Guess The Soccer Player #2 - Statistics

General Stats
  • This quiz has been taken 64 times
  • The average score is 10 of 15
Answer Stats
Country Position Club Answer % Correct
Argentina Center Forward Man City Julian Alvarez
91%
Egypt Right Winger Liverpool Mohamad Salah
91%
Cameroon Goalkeeper Man United Andre Onana
84%
Uruguay Center Middlefield Real Madrid Federico Valverde
82%
Italy Goalkeeper PSG Gianluigi Donnarumma
82%
Brazil Center Back Real Madrid Eder Militao
67%
Ukraine Left Winger Chelsea Mykhaylo Mudryk
67%
Brazil Center Forward Tottenham Hotspur Richarlison
67%
Germany Attacking Middlefield Arsenal Kai Havertz
65%
Spain Left Back Barcelona Alejandro Balde | Marcus Alonso
58%
Italy Defending Middlefield Newcastle Sandro Tonali
56%
Japan Right Winger Real Sciedad Takefusa Kubo
55%
Hungary Center Middlefield Liverpool Dominik Szoboszlai
49%
Italy Left Winger Juventus Federico Chiesa
49%
Ireland Center Forward Brighton Evan Ferguson
36%
No matching quizzes found
Score Distribution
Percent of People with Each Score
Percentile by Number Answered
Your Score History
You have not taken this quiz